00385 a2200157 4500003000400000005001700004008004100021020001500062040000900077082002000086100002200106245004300128250001300171260003300184300001000217OSt20231214152544.0231214b |||||||| |||| 00| 0 eng d a8126405090 coclc a894.8128bPIL/K aPillai, N Krishna aKairaliyute Katha /cN. Krishna Pillai a12th ed. aKottayam:bD C Books,c2023. b440p.